Stumble Guys: Yellow Skins - Statistics

General Stats
  • This quiz has been taken 11 times
  • The average score is 10 of 27
Answer Stats
Picture Answer % Correct
Golden Banana
75%
Golden Rabbid
75%
Super Banana
75%
Golden Robo
63%
Banana Guy
50%
Brazil King
50%
Golden Sensei
50%
Gold Jimmy
50%
Unpeeled
50%
Capt. Goldheart
38%
Golden Gloves
38%
Peel Out
38%
Pineapple Bear
38%
Stumble James
38%
Yellow Racer
38%
Gold 5py
25%
Hatchling
25%
Maximus
25%
Splitz
25%
Tourist Tyler
25%
Battle Angel
13%
Bonez McBling
13%
Emoji-Jutsu
13%
Gridiron
13%
Hazmat NBC
13%
Leonidas
13%
Stumble Jill
0%
No matching quizzes found
Score Distribution
Percent of People with Each Score
Percentile by Number Answered
Your Score History
You have not taken this quiz